000 00279nam a2200109Ia 4500
008 200302s9999 xx 000 0 und d
100 _aIvo D. Drpic
245 _aSketching and Rendering Interior Spaces
260 _bWaston-Guptill Publications
260 _c1988
300 _a176 P.,
999 _c791
_d791